[Event "Ct. Catalunya eq DH"]
[Site "?"]
[Date "2012.??.??"]
[Round "3.2"]
[White "Gonzalez Rodriguez, JA."]
[Black "Moskalenko, V."]
[Result "1-0"]
[WhiteElo "2400"]
[BlackElo "2532"]
[PlyCount "69"]
[EventDate "2012.??.??"]
[EventType "team"]
[EventRounds "11"]

1. b3 e5 2. e3 Nc6 3. Bb2 Nf6 4. Nf3 d6 5. d4 e4 6. Nfd2 Bg4 7. Be2 Bxe2 8.
Qxe2 d5 9. a3 Bd6 10. c4 O-O 11. Nc3 dxc4 12. bxc4 Re8 13. O-O Qd7 14. Rae1 Qf5
15. f3 exf3 16. Nxf3 Qh5 17. g3 Ng4 18. e4 Rad8 $4 (18... Nxd4 $1 19. Nxd4 Bc5
20. Rd1 Rad8 21. Rf5 (21. Nd5 Rxe4 22. Qc2 Rde8 $17) 21... Qxf5 22. exf5 Rxe2
23. Ncxe2 Ne3 24. Rb1 $8 Nxf5 25. Kg2 $11 {Moskalenko,V}) 19. Nd5 $18 Ne7 20.
Nxe7+ Bxe7 21. Ne5 Nf6 22. Qxh5 Nxh5 23. Nxf7 Rd7 24. e5 Bc5 25. e6 Rxd4 26.
Bxd4 Bxd4+ 27. Kg2 Nf6 28. h3 Bc5 29. a4 Re7 30. Nh6+ gxh6 31. Rxf6 h5 32. Re5
Kg7 33. Rf7+ Rxf7 34. exf7 Bf8 35. Rxh5 1-0

[Event "Ct. Catalunya eq DH"]
[Site "?"]
[Date "2012.02.11"]
[Round "3.3"]
[White "Fluvia Poyatos, Jordi"]
[Black "Cuadras Avellana, J."]
[Result "1-0"]
[WhiteElo "2499"]
[BlackElo "2383"]
[PlyCount "77"]
[EventDate "2012.??.??"]
[EventType "team"]
[EventRounds "11"]

1. e4 c6 2. d4 d5 3. e5 c5 4. dxc5 Nc6 5. Bb5 Qa5+ 6. Nc3 e6 7. Be3 Nge7 8. a3
Nf5 9. Bf4 Qc7 10. b4 g5 11. Bxg5 Qxe5+ 12. Nce2 Bg7 13. c3 Rg8 14. Nf3 Qc7 15.
Ned4 Bxd4 16. cxd4 h6 17. Bf6 Bd7 18. Bxc6 Bxc6 19. g3 Bb5 20. Ne5 Rg6 21. Nxg6
fxg6 22. a4 Bc4 23. Be5 Qf7 24. Qf3 Qh7 25. g4 Ne7 26. Kd2 Kd7 27. Rac1 Ke8 28.
Rhe1 g5 29. Bd6 Qf7 30. Qxf7+ Kxf7 31. Bxe7 Kxe7 32. Rxc4 dxc4 33. d5 Rf8 34.
Rxe6+ Kd7 35. Rxh6 Rf3 36. Rh7+ Kc8 37. d6 b6 38. Rxa7 Rb3 39. Kc2 1-0

[Event "Ct. Catalunya eq DH"]
[Site "?"]
[Date "2012.02.11"]
[Round "3.3"]
[White "Matnadze, A."]
[Black "Cuartas Medina, JA."]
[Result "0-1"]
[WhiteElo "2498"]
[BlackElo "2553"]
[PlyCount "80"]
[EventDate "2012.??.??"]
[EventType "team"]
[EventRounds "11"]

1. d4 d5 2. g3 Nf6 3. Bg2 c6 4. Nf3 Bg4 5. O-O e6 6. b3 Nbd7 7. Bb2 Bd6 8. Nbd2
Qb8 9. c4 O-O 10. Qc2 Bf5 11. Qc3 b5 12. c5 Bc7 13. Nh4 Bg4 14. Rfe1 e5 15. Qc2
e4 16. f3 Bxg3 17. hxg3 Qxg3 18. Nf1 Qxh4 19. fxg4 Nxg4 20. e3 f5 21. Re2 g5
22. Qc3 Ndf6 23. Qe1 Qh6 24. Bh1 f4 25. Rc2 a5 26. a4 b4 27. Bc1 Kh8 28. Raa2
Rg8 29. Nh2 f3 30. Qg3 Qh4 31. Nf1 Rg6 32. Rh2 Nxh2 33. Rxh2 Qg4 34. Bd2 Kg8
35. Be1 Rf8 36. Bf2 Rf7 37. Rh3 Qc8 38. Nh2 h5 39. Nf1 h4 40. Rxh4 gxh4 0-1

[Event "Ct. Catalunya eq DH"]
[Site "?"]
[Date "2012.02.13"]
[Round "3.4"]
[White "Barbero Sendic, A."]
[Black "Lariño Nieto, D."]
[Result "1-0"]
[WhiteElo "2335"]
[BlackElo "2493"]
[PlyCount "85"]
[EventDate "2012.??.??"]
[EventType "team"]
[EventRounds "11"]

1. e4 c6 2. d4 d5 3. f3 dxe4 4. fxe4 e5 5. Nf3 exd4 6. Bc4 Nf6 7. O-O Bg4 8.
Bxf7+ Kxf7 9. Ne5+ Kg8 10. Nxg4 Nxg4 11. Qxg4 Qd7 12. Qf3 h6 13. Qxf8+ Kh7 14.
Qf5+ Qxf5 15. exf5 Rf8 16. Na3 Na6 17. Bd2 Rf7 18. Rf4 Rd8 19. Raf1 b5 20. f6
g5 21. Re4 Rd6 22. Re7 Kg6 23. Rxf7 Kxf7 24. h4 gxh4 25. Bxh6 Rxf6 26. Bg5
Rxf1+ 27. Kxf1 Nb4 28. Bxh4 d3 29. cxd3 Nxd3 30. b3 Nb4 31. Be1 Nxa2 32. Bd2 a6
33. Ke2 Ke6 34. Kd3 c5 35. Kc2 Ke5 36. Kb2 Nb4 37. Bxb4 cxb4 38. Nxb5 axb5 39.
Kc2 Ke4 40. Kd2 Kd4 41. g4 Ke4 42. g5 Kf5 43. Kd3 1-0

[Event "Ct. Catalunya eq DH"]
[Site "?"]
[Date "2012.02.11"]
[Round "3.4"]
[White "Perez Mitjans, O."]
[Black "Bergez, L."]
[Result "1-0"]
[WhiteElo "2525"]
[BlackElo "2428"]
[PlyCount "65"]
[EventDate "2012.??.??"]
[EventType "team"]
[EventRounds "11"]

1. e4 c6 2. Nf3 d5 3. exd5 cxd5 4. Ne5 Nd7 5. d4 Nxe5 6. dxe5 e6 7. Bd3 Qc7 8.
Bf4 Ne7 9. O-O Ng6 10. Bg3 Bd7 11. Nc3 Qb6 12. a4 a6 13. b3 Bb4 14. Ne2 Rc8 15.
h4 Qc7 16. f4 Ne7 17. Kh1 Qb6 18. Bf2 Bc5 19. Bxc5 Qxc5 20. Qe1 O-O 21. b4 Qb6
22. h5 Nf5 23. a5 Qd8 24. Qf2 Bb5 25. Bxb5 axb5 26. c3 Rc4 27. g4 Ne7 28. h6 f5
29. hxg7 Kxg7 30. a6 bxa6 31. Rxa6 fxg4 32. Qh4 Nf5 33. Ra7+ 1-0

[Event "Ct. Catalunya eq DH"]
[Site "?"]
[Date "2012.02.11"]
[Round "3.4"]
[White "Vives Esmerat, J."]
[Black "Vila Gazquez, X."]
[Result "0-1"]
[WhiteElo "2360"]
[BlackElo "2490"]
[PlyCount "70"]
[EventDate "2012.??.??"]
[EventType "team"]
[EventRounds "11"]

1. e4 c5 2. b3 Nf6 3. Nc3 Nc6 4. Bb2 e6 5. f4 d6 6. Nf3 Be7 7. d4 cxd4 8. Nxd4
O-O 9. Nxc6 bxc6 10. Bd3 e5 11. f5 d5 12. Qe2 Qa5 13. O-O-O d4 14. Nb1 Qxa2 15.
g4 Nd7 16. h4 a5 17. Bc4 Nb6 18. c3 Nxc4 19. Qxc4 Ba6 20. Qa4 Qxa4 21. bxa4 c5
22. Rd2 Rfb8 23. g5 Bb7 24. Re1 Bc6 25. Ba3 Rb7 26. cxd4 cxd4 27. Bxe7 Rxe7 28.
Rc2 Bxa4 29. Rc5 f6 30. Kd2 Rb7 31. Rec1 Bd7 32. Na3 a4 33. Rg1 Kf8 34. h5 Rc8
35. Rxc8+ Bxc8 0-1

[Event "Ct. Catalunya eq DH"]
[Site "?"]
[Date "2012.02.11"]
[Round "3.5"]
[White "Asis Gargatagli, H."]
[Black "Lillo Castany, V."]
[Result "1/2-1/2"]
[WhiteElo "2496"]
[BlackElo "2349"]
[PlyCount "139"]
[EventDate "2012.??.??"]
[EventType "team"]
[EventRounds "11"]

1. e4 e5 2. Nf3 Nc6 3. Bc4 Nf6 4. Ng5 d5 5. exd5 Na5 6. Bb5+ Bd7 7. Qe2 Be7 8.
Bxd7+ Qxd7 9. c4 c6 10. d4 exd4 11. Bd2 b6 12. Bxa5 bxa5 13. dxc6 Qc7 14. O-O
O-O 15. Nd2 Rfe8 16. Qd3 Qxc6 17. Rfe1 Qb6 18. Rab1 Rad8 19. Re2 h6 20. Ngf3
Nd7 21. Rbe1 Nc5 22. Qf5 Ne6 23. Ne5 Bf6 24. Nd3 Be7 25. Ne4 Bb4 26. Rd1 Nc5
27. Ndxc5 Bxc5 28. Rde1 Be7 29. Ng3 Qc7 30. Nh5 Qd7 31. Qxd7 Rxd7 32. Nf4 d3
33. Rd2 Red8 34. Red1 Bg5 35. Rxd3 Rxd3 36. Nxd3 Kf8 37. Kf1 a4 38. b3 axb3 39.
axb3 a5 40. Nb2 Rb8 41. Rd3 Be7 42. Ke2 Bb4 43. Rd5 Re8+ 44. Kf3 Re1 45. Nd3
Rb1 46. Nxb4 axb4 47. Rd3 Rb2 48. Ke3 Ke7 49. Kd4 Rxf2 50. Rg3 g5 51. Kc5 f5
52. Re3+ Kd7 53. Rh3 Rxg2 54. Rxh6 f4 55. Kxb4 Ke7 56. Rh7+ Ke6 57. c5 Rc2 58.
Kb5 f3 59. Rh6+ Ke5 60. Rh8 f2 61. Rf8 g4 62. b4 Ke4 63. c6 Ke3 64. Kb6 Ke2 65.
c7 f1=Q 66. Rxf1 Kxf1 67. Kb7 Kg2 68. c8=Q Rxc8 69. Kxc8 Kxh2 70. b5 1/2-1/2

[Event "Ct. Catalunya eq DH"]
[Site "?"]
[Date "2012.02.11"]
[Round "3.5"]
[White "Grafl, F."]
[Black "Vidarte Morales, A."]
[Result "0-1"]
[WhiteElo "2423"]
[BlackElo "2400"]
[PlyCount "86"]
[EventDate "2012.??.??"]
[EventType "team"]
[EventRounds "11"]

1. e4 c5 2. b4 cxb4 3. Bb2 d5 4. exd5 Nf6 5. Bb5+ Bd7 6. Bc4 g6 7. Qf3 Bg7 8.
h3 O-O 9. Ne2 Ba4 10. Qd3 Nbd7 11. a3 Nb6 12. Ba2 Rc8 13. c4 b3 14. Bxb3 Bxb3
15. Qxb3 Nxc4 16. Bd4 Qxd5 17. d3 Na5 18. Qxd5 Nxd5 19. Bxg7 Kxg7 20. Nd2 Rfd8
21. O-O Rc2 22. Rfd1 Nc3 23. Nxc3 Rxc3 24. Nc4 Nxc4 25. dxc4 Rdd3 26. Rxd3 Rxd3
27. c5 Kf6 28. Rc1 Rd7 29. Rc4 Rc7 30. Ra4 a6 31. Rb4 Ke5 32. Rb6 Kd4 33. c6
bxc6 34. Rxa6 c5 35. Kf1 Kd3 36. Ra8 c4 37. Ke1 Kc2 38. a4 c3 39. a5 Rc6 40. f3
Re6+ 41. Kf2 Kd2 42. a6 c2 43. Rd8+ Rd6 0-1

[Event "Ct. Catalunya eq DH"]
[Site "?"]
[Date "2012.02.11"]
[Round "3.6"]
[White "Casanellas Ruano, L."]
[Black "Alexandrova, O."]
[Result "0-1"]
[WhiteElo "2208"]
[BlackElo "2419"]
[PlyCount "82"]
[EventDate "2012.??.??"]
[EventType "team"]
[EventRounds "11"]

1. d4 Nf6 2. Nf3 e6 3. g3 d5 4. Bg2 Be7 5. O-O O-O 6. c4 dxc4 7. Qa4 a6 8. Qxc4
b5 9. Qc2 Bb7 10. Bf4 Nd5 11. Bd2 Nd7 12. Nc3 c5 13. Nxd5 Bxd5 14. dxc5 Nxc5
15. Rfd1 Rc8 16. Be3 Qa5 17. Qd2 Qxd2 18. Nxd2 Bxg2 19. Kxg2 Bf6 20. Bxc5 Rxc5
21. Ne4 Rc2 22. Nxf6+ gxf6 23. b4 Rxe2 24. Rd6 Rc8 25. Rxa6 Rcc2 26. Rf1 Rxa2
27. Rb6 Re5 28. Rc1 Rf5 29. Rf1 Rb2 30. g4 Rd5 31. Kg3 Rxb4 32. Rb7 Rd3+ 33. f3
Rbb3 34. h4 e5 35. h5 Kg7 36. Kg2 Rd2+ 37. Kg1 Rdb2 38. Rc1 Rb1 39. Rxb1 Rxb1+
40. Kf2 b4 41. Ke3 b3 0-1

[Event "Ct. Catalunya eq DH"]
[Site "?"]
[Date "2012.02.11"]
[Round "3.6"]
[White "Coll Ortega, J."]
[Black "Aloma Vidal, R."]
[Result "0-1"]
[WhiteElo "2300"]
[BlackElo "2431"]
[PlyCount "72"]
[EventDate "2012.??.??"]
[EventType "team"]
[EventRounds "11"]

1. d4 Nf6 2. c4 g6 3. Nf3 Bg7 4. g3 d5 5. cxd5 Nxd5 6. Bg2 Nb6 7. O-O Nc6 8. e3
O-O 9. Nc3 Re8 10. Qe2 e5 11. dxe5 Nxe5 12. Nxe5 Bxe5 13. Rd1 Qf6 14. Bd2 Qe7
15. Rac1 h5 16. h3 c6 17. f4 Bg7 18. e4 Be6 19. b3 Rad8 20. Be3 Rxd1+ 21. Nxd1
f5 22. e5 h4 23. Qf2 hxg3 24. Qxg3 Kf7 25. Nf2 Qa3 26. Kh2 Qxa2 27. Rg1 Rg8 28.
Bf3 Bf8 29. Bh5 Ke8 30. Bxg6+ Kd7 31. Bxb6 axb6 32. Rd1+ Kc7 33. Qh4 Bc5 34.
Rf1 Qe2 35. Qh7+ Kb8 36. Kg1 Qf3 0-1

[Event "Ct. Catalunya eq DH"]
[Site "?"]
[Date "2012.02.11"]
[Round "3.6"]
[White "Gomez Jurado, LA."]
[Black "Alonso Moyano, J."]
[Result "0-1"]
[WhiteElo "2356"]
[BlackElo "2456"]
[PlyCount "64"]
[EventDate "2012.??.??"]
[EventType "team"]
[EventRounds "11"]

1. c4 e5 2. g3 f5 3. Nf3 d6 4. d4 e4 5. Nh4 Be7 6. Ng2 Nf6 7. Nc3 c6 8. Nf4 O-O
9. h4 Qe8 10. Bg2 Qf7 11. d5 Ng4 12. f3 exf3 13. exf3 Ne5 14. Qe2 Bf6 15. Bd2
Na6 16. O-O-O Bd7 17. Kb1 Rfe8 18. Rhe1 Rac8 19. Bh3 cxd5 20. cxd5 Nc4 21. Ne6
g6 22. h5 b5 23. hxg6 hxg6 24. Rc1 Nc5 25. Rc2 Nxe6 26. dxe6 Bxe6 27. Bc1 b4
28. Nd1 Bd5 29. Qf1 Rxe1 30. Qxe1 Bxf3 31. Nf2 Na3+ 32. bxa3 Rxc2 0-1

[Event "Ct. Catalunya eq DH"]
[Site "?"]
[Date "2012.02.11"]
[Round "3.7"]
[White "Perez Mañas, B."]
[Black "Martinez Ramirez, E."]
[Result "0-1"]
[WhiteElo "2353"]
[BlackElo "2360"]
[PlyCount "66"]
[EventDate "2012.??.??"]
[EventType "team"]
[EventRounds "11"]

1. Nf3 g6 2. c4 Nf6 3. g3 Bg7 4. Bg2 d5 5. cxd5 Nxd5 6. Nc3 Nb6 7. d3 O-O 8. h4
a5 9. a4 Be6 10. Ng5 Bc8 11. Be3 c6 12. h5 N8d7 13. Qb3 Ra6 14. hxg6 hxg6 15.
Bh3 Nb8 16. Bxc8 Nxc8 17. Qxb7 Nd6 18. Qb3 Nf5 19. Bc5 Nd7 20. Ba3 Ne5 21. O-O
Rb6 22. Qd1 Nd4 23. Rb1 Bh6 24. Nge4 f5 25. Nc5 f4 26. N5e4 Qd7 27. Kg2 Ng4 28.
Bc5 Rb4 29. Bxd4 Rxd4 30. gxf4 Bxf4 31. Rh1 Ne3+ 32. fxe3 Qg4+ 33. Kf1 Bg3+ 0-1

[Event "Ct. Catalunya eq DH"]
[Site "?"]
[Date "2012.02.11"]
[Round "3.7"]
[White "Vehi Bach, VM."]
[Black "Martinez Lopez, I."]
[Result "1-0"]
[WhiteElo "2358"]
[BlackElo "2299"]
[PlyCount "83"]
[EventDate "2012.??.??"]
[EventType "team"]
[EventRounds "11"]

1. e4 d5 2. exd5 Qxd5 3. Nc3 Qa5 4. d4 c6 5. Bc4 Bf5 6. Bd2 e6 7. g4 Bg6 8. Qe2
Nf6 9. f4 Be7 10. d5 cxd5 11. Nxd5 Qd8 12. Nxf6+ gxf6 13. O-O-O Qc7 14. Nf3
Bxc2 15. Kxc2 b5 16. Bc3 Qxc4 17. Qxc4 bxc4 18. Nd2 Nd7 19. Nxc4 Rc8 20. Nd6+
Bxd6 21. Rxd6 Ke7 22. Ra6 Rc7 23. f5 Rb8 24. fxe6 fxe6 25. Re1 Rb6 26. Ra5 Rb4
27. Rh5 Nf8 28. h3 Rf4 29. a3 Rf2+ 30. Kb1 Kf7 31. Rd1 e5 32. Rd8 Kg7 33. Rxe5
Rf3 34. Ree8 Ng6 35. g5 Rxh3 36. gxf6+ Kh6 37. Rd5 Rcxc3 38. bxc3 Rxc3 39. Rf5
Rxa3 40. f7 Rb3+ 41. Ka2 Rb7 42. Re6 1-0

[Event "Ct. Catalunya eq DH"]
[Site "?"]
[Date "2012.02.11"]
[Round "3.8"]
[White "Bravo Barranco, N."]
[Black "Rivas Garcia, V."]
[Result "1-0"]
[WhiteElo "2327"]
[BlackElo "2331"]
[PlyCount "85"]
[EventDate "2012.??.??"]
[EventType "team"]
[EventRounds "11"]

1. e4 e6 2. d4 d5 3. Nd2 Nf6 4. e5 Nfd7 5. Bd3 c5 6. c3 Nc6 7. Ne2 cxd4 8. cxd4
f6 9. exf6 Nxf6 10. Nf3 Bd6 11. Bf4 Bxf4 12. Nxf4 Qa5+ 13. Qd2 Qxd2+ 14. Kxd2
O-O 15. Rhe1 Ne4+ 16. Bxe4 Rxf4 17. Bd3 Nxd4 18. Ke3 Nxf3 19. Kxf4 Nxe1 20.
Rxe1 Bd7 21. Ke5 Bc6 22. g3 Rd8 23. Kd4 Kf7 24. Re5 g6 25. h4 Kf6 26. f4 b6 27.
h5 Be8 28. h6 Rc8 29. Re1 a6 30. g4 Bb5 31. g5+ Kf7 32. Bb1 Rc4+ 33. Ke5 Ke7
34. Rh1 Rc8 35. Rh3 Rc1 36. Bxg6 hxg6 37. f5 gxf5 38. h7 Rc4 39. Re3 Rh4 40. g6
Kf8 41. Kf6 Rh6 42. Rc3 Be8 43. h8=Q+ 1-0

[Event "Ct. Catalunya eq DH"]
[Site "?"]
[Date "2012.02.11"]
[Round "3.8"]
[White "Bruned Segura, M."]
[Black "Almeida Toledano, D."]
[Result "1/2-1/2"]
[WhiteElo "2151"]
[BlackElo "2399"]
[PlyCount "169"]
[EventDate "2012.??.??"]
[EventType "team"]
[EventRounds "11"]

1. e4 e6 2. d4 d5 3. Nd2 Nf6 4. e5 Nfd7 5. Bd3 c5 6. c3 b6 7. Ne2 Ba6 8. Nf3
Bxd3 9. Qxd3 Nc6 10. Bf4 c4 11. Qc2 Be7 12. h4 h6 13. g4 Qc7 14. O-O-O O-O-O
15. g5 hxg5 16. hxg5 g6 17. Rh6 b5 18. Rdh1 Rhg8 19. Rh7 Rdf8 20. Nh2 Qd8 21.
Qd2 Rh8 22. Ng4 Rxh7 23. Rxh7 Rh8 24. Rxh8 Qxh8 25. Nh6 Qe8 26. Qc2 Nb6 27. Bd2
a5 28. Kb1 Kb7 29. Qd1 b4 30. Bc1 Nd8 31. Ka1 Qb5 32. Bd2 Kc7 33. Nc1 Kd7 34.
Qf3 Ke8 35. Ng8 Qa4 36. Kb1 b3 37. Nxe7 bxa2+ 38. Nxa2 Kxe7 39. Qe2 Qe8 40. Qf3
Kd7 41. Nc1 Nc6 42. Ne2 Ne7 43. Ng3 Qg8 44. Bc1 Nf5 45. Nxf5 gxf5 46. Qh5 Nc8
47. Qd1 Nb6 48. Qh5 Kc6 49. Qh1 Kb5 50. Qh6 Nd7 51. Kc2 a4 52. Qh1 Nf8 53. Bd2
Ng6 54. Qa1 Qf8 55. Qa3 Qxa3 56. bxa3 Kc6 57. Kd1 Kd7 58. Ke2 Ke8 59. Kf3 Kf8
60. Kg3 Kg7 61. f4 Ne7 62. Kh4 Kg6 63. Bc1 Nc6 64. Bd2 Na5 65. Bc1 Nb3 66. Be3
Na1 67. Bc1 Nc2 68. Kg3 Kh5 69. Kh3 Ne1 70. Bd2 Nd3 71. Kg3 Nb2 72. Kh3 Nd1 73.
Kg3 Kg6 74. Kf3 Kg7 75. Ke2 Nb2 76. Kf3 Nd3 77. Kg2 Kg6 78. Kf3 Kh5 79. Kg3 Nb2
80. Kh3 Kg6 81. Kg3 Kg7 82. Kg2 Kh7 83. Kf2 Kg6 84. Kg2 Kh5 85. Kh3 1/2-1/2

[Event "Ct. Catalunya eq DH"]
[Site "?"]
[Date "2012.02.11"]
[Round "3.8"]
[White "Serra Pages, J."]
[Black "Martin Gonzalez, A."]
[Result "0-1"]
[WhiteElo "2299"]
[BlackElo "2418"]
[PlyCount "122"]
[EventDate "2012.??.??"]
[EventType "team"]
[EventRounds "11"]

1. Nf3 c5 2. c4 g6 3. Nc3 Bg7 4. g3 Nc6 5. Bg2 e5 6. d3 Nge7 7. O-O d6 8. Ne1
Be6 9. Nc2 d5 10. cxd5 Nxd5 11. Nxd5 Bxd5 12. Bg5 Qd7 13. Bxd5 Qxd5 14. Qd2 O-O
15. Bh6 Bxh6 16. Qxh6 Rfe8 17. Rfc1 b6 18. Qh3 Rad8 19. Ne3 Qd6 20. Rc3 Nd4 21.
Qf1 f5 22. Re1 Qe6 23. b3 f4 24. Nc2 f3 25. Nxd4 exd4 26. Rc2 Rd5 27. e4 Rh5
28. h4 g5 29. Kh2 gxh4 30. g4 Qxg4 31. Qg1 Rg5 32. Qxg4 Rxg4 33. Rg1 h5 34.
Rcc1 Kf7 35. Kh3 Reg8 36. Rgf1 Ke6 37. Rc4 a5 38. Rcc1 Ke5 39. a4 Kf4 40. Rce1
R8g5 41. Rh1 Rg2 42. Rhf1 Ke5 43. Rc1 Kd6 44. Rce1 Kc6 45. Ra1 Rg7 46. Rae1 Rb7
47. Kxh4 Kd6 48. e5+ Ke6 49. Re4 Rbg7 50. Kh3 R7g4 51. Ree1 Rg5 52. Re4 Rxe5
53. Rf4 Rf5 54. Re1+ Kf6 55. Rfe4 Rxf2 56. Re6+ Kg5 57. Rxb6 Re2 58. Rg1+ Kf4
59. Rbg6 Ke3 60. Rd1 f2 61. Rg3+ Rf3 0-1

[Event "Ct. Catalunya eq DH"]
[Site "?"]
[Date "2012.02.11"]
[Round "3.9"]
[White "Bosque Ortega, X."]
[Black "Asensio Liñan, T."]
[Result "1/2-1/2"]
[WhiteElo "2321"]
[BlackElo "2301"]
[PlyCount "92"]
[EventDate "2012.??.??"]
[EventType "team"]
[EventRounds "11"]

1. d4 Nf6 2. Nf3 e6 3. Bf4 c5 4. e3 Qb6 5. Qc1 Nc6 6. c3 cxd4 7. exd4 d6 8.
Nbd2 Be7 9. Bd3 O-O 10. O-O Bd7 11. Re1 Rac8 12. Nc4 Qc7 13. Qd2 Na5 14. Ne3
Bc6 15. Qe2 Rfe8 16. Bg5 b6 17. Nd2 Ba8 18. Bb5 Rf8 19. b4 Nb7 20. c4 Qd8 21.
Nf5 h6 22. Bh4 exf5 23. Qxe7 Qxe7 24. Rxe7 g5 25. Ba6 Rb8 26. Nf3 Rfe8 27. Rc7
Rbc8 28. Rxb7 Bxb7 29. Bxb7 Rxc4 30. Nxg5 hxg5 31. Bxg5 Ne4 32. Be3 Rxb4 33.
Rc1 f4 34. Bxf4 Nc3 35. Bf3 Rxd4 36. Be3 Rb4 37. h4 Rc8 38. Rc2 Rxh4 39. g3 Ra4
40. Rd2 d5 41. Bd4 Ne4 42. Rd3 Rxa2 43. Be3 Re8 44. Rxd5 Nxg3 45. Rg5+ Kf8 46.
Rxg3 Re6 1/2-1/2

[Event "Ct. Catalunya eq DH"]
[Site "?"]
[Date "2012.02.11"]
[Round "3.9"]
[White "Mestre Bellido, H."]
[Black "Colls Gelaberto, E."]
[Result "1/2-1/2"]
[WhiteElo "2380"]
[BlackElo "2270"]
[PlyCount "70"]
[EventDate "2012.??.??"]
[EventType "team"]
[EventRounds "11"]

1. e4 c6 2. d4 d5 3. Nc3 dxe4 4. Nxe4 Nd7 5. Nf3 Ngf6 6. Bd3 Nxe4 7. Bxe4 Nf6
8. Bd3 Bg4 9. c3 e6 10. O-O Bd6 11. Re1 Qc7 12. h3 Bh5 13. Be2 O-O 14. Ne5 Bxe5
15. Bxh5 Bh2+ 16. Kh1 Nxh5 17. Qxh5 Bf4 18. Re4 Bxc1 19. Rxc1 Rad8 20. Rg4 Kh8
21. Qg5 f5 22. Rh4 Qf7 23. Re1 Qf6 24. Qh5 h6 25. Rf4 Rd5 26. Qe2 Re8 27. Rf3
c5 28. dxc5 Rxc5 29. Rd3 Rc6 30. Red1 e5 31. Rd7 Re7 32. Rd8+ Kh7 33. Ra8 a6
34. Rad8 Rce6 35. Kg1 e4 1/2-1/2

[Event "Ct. Catalunya eq DH"]
[Site "?"]
[Date "2012.02.11"]
[Round "3.10"]
[White "Codina Garcia, J."]
[Black "Lopez Agustench, E."]
[Result "0-1"]
[WhiteElo "2228"]
[BlackElo "2341"]
[PlyCount "122"]
[EventDate "2012.??.??"]
[EventType "team"]
[EventRounds "11"]

1. d4 d5 2. Bf4 Nf6 3. Nf3 c5 4. e3 Nc6 5. c3 Qb6 6. Qb3 c4 7. Qxb6 axb6 8.
Nbd2 b5 9. Be2 h6 10. O-O Bf5 11. a3 e6 12. h3 Be7 13. Rfe1 O-O 14. Ne5 Ra6 15.
Rac1 Na7 16. Bd1 Nc8 17. f3 Nb6 18. Bc2 Na4 19. e4 Bh7 20. Rb1 Rd8 21. Ng4 Nh5
22. Bc7 Rc8 23. Bh2 Bg5 24. Re2 Nf4 25. Bxf4 Bxf4 26. Nf1 Rd8 27. Kf2 h5 28.
Nge3 h4 29. e5 Bxc2 30. Nxc2 f6 31. exf6 gxf6 32. Nfe3 Kf7 33. Ng4 Re8 34. Ke1
Rd6 35. Kd1 Rd7 36. Nb4 e5 37. dxe5 fxe5 38. Ke1 Re6 39. Ne3 Nb6 40. Rd1 d4 41.
Ng4 d3 42. Re4 Na4 43. Rb1 d2+ 44. Kd1 Nc5 45. Re2 e4 46. fxe4 Rxe4 47. Rxe4
Nxe4 48. Kc2 Ng3 49. Rd1 Ke6 50. Kb1 Nf5 51. Nc2 Rd3 52. Nd4+ Nxd4 53. cxd4
Rxd4 54. Kc2 Rd3 55. Rf1 Bg3 56. Kd1 Be1 57. Rf6+ Ke7 58. Rb6 Rb3 59. Rxb7+ Kd6
60. a4 b4 61. Kc2 Rxb2+ 0-1

[Event "Ct. Catalunya eq DH"]
[Site "?"]
[Date "2012.02.11"]
[Round "3.10"]
[White "Hernandez Casillas, JJ."]
[Black "Mingo Fernandez, M."]
[Result "1/2-1/2"]
[WhiteElo "2278"]
[BlackElo "2284"]
[PlyCount "53"]
[EventDate "2012.??.??"]
[EventType "team"]
[EventRounds "11"]

1. d4 d5 2. c4 e6 3. Nc3 a6 4. cxd5 exd5 5. Bf4 c6 6. e3 Bd6 7. Bxd6 Qxd6 8.
Bd3 Ne7 9. Nge2 Bf5 10. Ng3 Bxd3 11. Qxd3 O-O 12. O-O Nd7 13. Rfd1 Rae8 14.
Rac1 f5 15. Nce2 Qh6 16. Rc2 Nf6 17. a4 Ne4 18. Qb3 Nd6 19. Qb4 g5 20. Nf1 Rf6
21. Nc1 Ng6 22. Nd3 Qh5 23. Re1 Re7 24. b3 Qg4 25. f3 Qh4 26. Rce2 Rfe6 27. Nc5
1/2-1/2

[Event "Ct. Catalunya eq DH"]
[Site "?"]
[Date "2012.02.11"]
[Round "3.10"]
[White "Lillo Ferrer, JM."]
[Black "Ibañez Tarradellas, E."]
[Result "0-1"]
[WhiteElo "2223"]
[BlackElo "2380"]
[PlyCount "104"]
[EventDate "2012.??.??"]
[EventType "team"]
[EventRounds "11"]

1. g3 d5 2. Bg2 Nc6 3. d3 e5 4. a3 g6 5. Nf3 Bg7 6. O-O f5 7. Nbd2 Nf6 8. Rb1
O-O 9. b4 e4 10. Ne1 Qe7 11. Nb3 b6 12. c3 Bb7 13. Nc2 Rad8 14. Ne3 Nh5 15. Qc2
f4 16. Nd1 f3 17. Bh3 fxe2 18. Qxe2 Ba6 19. c4 exd3 20. Qe6+ Qxe6 21. Bxe6+ Kh8
22. b5 dxc4 23. Nd2 Bxb5 24. Rxb5 Nd4 25. Bxc4 Ne2+ 26. Kg2 Nxc1 27. Ne3 Ne2
28. Rb3 c6 29. a4 Nc3 30. Ra3 a5 31. Ba6 Rf7 32. Nd1 Ra7 33. Nxc3 Rxa6 34. Re1
Bf8 35. Rb3 Bb4 36. Rd1 Nf6 37. Kf3 Ra7 38. Nc4 d2 39. Rxd2 Rxd2 40. Nxd2 Rd7
41. Ke2 Rxd2+ 42. Kxd2 Ne4+ 43. Kd3 Nxc3 44. Rxc3 Bxc3 45. Kxc3 Kg7 46. f4 h5
47. h3 Kf6 48. g4 hxg4 49. hxg4 b5 50. axb5 cxb5 51. Kd4 a4 52. Kc3 a3 0-1

[Event "Ct. Catalunya eq DH"]
[Site "?"]
[Date "2012.02.18"]
[Round "4.1"]
[White "Agrest, E."]
[Black "Alsina Leal, D."]
[Result "1-0"]
[WhiteElo "2589"]
[BlackElo "2532"]
[PlyCount "131"]
[EventDate "2012.??.??"]
[EventType "team"]
[EventRounds "11"]

1. Nf3 Nf6 2. c4 g6 3. Nc3 d5 4. cxd5 Nxd5 5. g3 Bg7 6. Bg2 Nb6 7. d3 Nc6 8.
Be3 Nd4 9. Nxd4 Bxd4 10. Bh6 c6 11. O-O Be6 12. e3 Bxc3 13. bxc3 Qd7 14. Bg7
Rg8 15. Bd4 Nc8 16. c4 Nd6 17. Rb1 f6 18. Ba1 Kf7 19. c5 Nf5 20. Qc2 Rgd8 21.
Rfd1 h5 22. d4 Nh6 23. e4 h4 24. Qc1 Kg7 25. d5 cxd5 26. exd5 Bh3 27. Bh1 hxg3
28. hxg3 Bf5 29. Rb4 Nf7 30. Bf3 a5 31. Rc4 Qb5 32. g4 Bd7 33. Re1 Kf8 34. Bg2
Rac8 35. Qc2 a4 36. Rb1 Qa5 37. d6 e5 38. Bxb7 Kg7 39. Bg2 Be6 40. Rc3 Bxg4 41.
Rb7 Bf5 42. Qc1 Rb8 43. Qb2 Rxb7 44. Qxb7 Rd7 45. Qb2 Nxd6 46. cxd6 Rxd6 47.
Rc1 Rd2 48. Qb7+ Rd7 49. Qc6 Qd2 50. Qc5 Qxa2 51. Bc6 Rc7 52. Bxe5 Rxc6 53.
Qxc6 fxe5 54. Qc7+ Kh6 55. Qxe5 Qd2 56. Qh2+ Kg5 57. Qg3+ Kh5 58. Rc4 Qd1+ 59.
Kh2 g5 60. Qe5 Qf3 61. Qh8+ Kg6 62. Qe8+ Kg7 63. Rc7+ Kh6 64. Rc6+ Kg7 65. Qe7+
Kh8 66. Qf8+ 1-0

[Event "Ct. Catalunya eq DH"]
[Site "?"]
[Date "2012.02.19"]
[Round "4.1"]
[White "Bacallao Alonso, Y."]
[Black "Movsziszian, K."]
[Result "1-0"]
[WhiteElo "2550"]
[BlackElo "2532"]
[PlyCount "109"]
[EventDate "2012.??.??"]
[EventType "team"]
[EventRounds "11"]

1. e4 d6 2. d4 g6 3. Nc3 c6 4. f4 Qb6 5. Nf3 Bg4 6. Qd3 Nf6 7. Be3 d5 8. O-O-O
Nbd7 9. e5 Ne4 10. Nb1 f6 11. Rg1 h5 12. h3 Bf5 13. Qe2 O-O-O 14. g4 hxg4 15.
hxg4 Be6 16. Nbd2 Qa5 17. Kb1 Bh6 18. Nb3 Qa4 19. Nfd2 Nxd2+ 20. Bxd2 fxe5 21.
fxe5 Bxd2 22. Qxd2 c5 23. Qg5 c4 24. Nc1 Qc6 25. Qxe7 Rh2 26. Be2 Nb6 27. Rdf1
Qd7 28. Qb4 g5 29. Rf6 Re8 30. Rgf1 Qe7 31. Qxe7 Rxe7 32. Rg6 Nd7 33. Rxg5 Re8
34. Rg6 Nb8 35. g5 Kd8 36. Bd1 Nc6 37. c3 Bg8 38. Rgf6 Rg2 39. Bh5 Bh7+ 40. g6
Bg8 41. Rf8 Rg5 42. R1f5 Rxf8 43. Rxf8+ Kd7 44. Rxg8 Rxh5 45. Ne2 Ne7 46. Rg7
Rh4 47. Ng3 Rf4 48. a4 Ke6 49. Ka2 a5 50. Nh5 Rf5 51. Rh7 Rf1 52. g7 Rg1 53.
Rh6+ Kd7 54. Nf6+ Kc7 55. Rh8 1-0

[Event "Ct. Catalunya eq DH"]
[Site "?"]
[Date "2012.02.18"]
[Round "4.1"]
[White "Bruzon Batista, L."]
[Black "Muñoz Pantoja, M."]
[Result "1-0"]
[WhiteElo "2695"]
[BlackElo "2565"]
[PlyCount "63"]
[EventDate "2012.??.??"]
[EventType "team"]
[EventRounds "11"]

1. e4 b6 2. d4 Bb7 3. Bd3 Nf6 4. Nd2 Nc6 5. c3 e5 6. Ngf3 exd4 7. cxd4 Nb4 8.
Bb1 Ba6 9. Qb3 c5 10. a3 Nc6 11. Bd3 Na5 12. Qc2 c4 13. Be2 Rc8 14. O-O d5 15.
e5 Nd7 16. Qf5 g6 17. Qh3 Bg7 18. Ng5 Rc6 19. f4 f5 20. b4 h6 21. Ngf3 Nb7 22.
Nb1 b5 23. Nc3 Nb6 24. Be3 Re6 25. g4 Nd6 26. Nh4 O-O 27. Kh1 Bc8 28. Rg1 Ne4
29. Nxe4 fxe4 30. f5 g5 31. fxe6 gxh4 32. g5 1-0